All top tier clups in UEFA - Statistics

General Stats
  • This quiz has been taken 22 times
    13 since last reset
  • The average score is 173 of 492
Answer Stats
Country Team % Correct
England Aston Villa
100%
England Chelsea
100%
England Everton
100%
England Liverpool
100%
England Manchester City
100%
England Manchester United
100%
England Tottenham
100%
Netherlands Ajax
91%
England Arsenal
91%
Spain Barcelona
91%
Germany Bayern München
91%
Germany Borussia Dortmund
91%
Serbia Crvena Zvezda
91%
Ukraine Dynamo Kyiv
91%
Spain Espanyol
91%
England Leicester
91%
England Norwich
91%
Portugal Porto
91%
Netherlands PSV Eindhoven
91%
Spain Real Madrid
91%
Spain Real Sociedad
91%
Cyprus APOEL
82%
Italy Atalanta
82%
Spain Athletic Bilbao
82%
Spain Atlético Madrid
82%
Switzerland Basel
82%
Germany Bayer Leverkusen
82%
Portugal Benfica
82%
Turkey Beşiktaş
82%
England Bournemouth
82%
England Brighton & Hove
82%
Scotland Celtic
82%
Belgium Club Brugge
82%
England Crystal Palace
82%
Russia CSKA Moscow
82%
Croatia Dinamo Zagreb
82%
Romania FCSB
82%
Turkey Fenerbahçe
82%
Turkey Galatasaray
82%
Belgium Genk
82%
Belgium Gent
82%
Scotland Hearts
82%
Italy Internazionale
82%
Italy Juventus
82%
Denmark København
82%
France Lyon
82%
Spain Mallorca
82%
France Marseille
82%
Italy Milan
82%
Italy Napoli
82%
England Newcastle
82%
Greece Olympiacos
82%
France Paris Saint-Germain
82%
Scotland Rangers
82%
Germany RB Leipzig
82%
Austria Red Bull Salzburg
82%
Italy Roma
82%
Germany Schalke 04
82%
Spain Sevilla
82%
England Southampton
82%
Germany Union Berlin
82%
Spain Valencia
82%
Germany Werder Bremen
82%
England West Ham
82%
Germany Wolfsburg
82%
Denmark AaB
73%
Scotland Aberdeen
73%
Greece AEK
73%
Belgium Anderlecht
73%
Netherlands AZ
73%
France Bordeaux
73%
Germany Borussia Mönchengladbach
73%
Portugal Braga
73%
Spain Celta Vigo
73%
Germany Eintracht Frankfurt
73%
Italy Fiorentina
73%
Germany Fortuna Düsseldorf
73%
Spain Getafe
73%
Germany Hertha Berlin
73%
Germany Köln
73%
Italy Lazio
73%
Poland Legia Warszawa
73%
France Lille
73%
Sweden Malmö
73%
France Monaco
73%
Greece PAOK
73%
Serbia Partizan
73%
Spain Real Betis
73%
Ukraine Shakhtar Donetsk
73%
England Sheffield United
73%
Netherlands Sparta Rotterdam
73%
Belgium Standard Liège
73%
Austria Sturm Graz
73%
Spain Villareal
73%
England Watford
73%
England Wolverhampton
73%
Switzerland Young Boys
73%
Russia Zenit
73%
Spain Alavés
64%
Belgium Antwerp
64%
Belarus BATE
64%
Italy Bologna
64%
England Burnley
64%
Netherlands Feyenoord
64%
Croatia Hajduk Split
64%
Netherlands Heerenveen
64%
Russia Lokomotiv Moscow
64%
Germany Mainz
64%
France Nantes
64%
Italy Sampdoria
64%
Czech Republic Sparta Praha
64%
Portugal Sporting
64%
Italy Torino
64%
France Toulouse
64%
Turkey Trabzonspor
64%
Switzerland Zürich
64%
Netherlands ADO Den Haag
55%
Kazakhstan Astana
55%
Germany Augsburg
55%
Austria Austria Wien
55%
Portugal Boavista
55%
Norway Bodø/Glimt
55%
Italy Brescia
55%
Italy Cagliari
55%
Sweden Djurgården
55%
Russia Dynamo Moscow
55%
Spain Eibar
55%
Hungary Ferencváros
55%
Netherlands Groningen
55%
Israel Hapoel Tel Aviv
55%
Netherlands Heracles Almelo
55%
Germany Hoffenheim
55%
Austria LASK
55%
Poland Lech Poznań
55%
Israel Maccabi Haifa
55%
Israel Maccabi Tel Aviv
55%
Slovenia Maribor
55%
France Montpellier
55%
Scotland Motherwell
55%
Spain Osasuna
55%
Greece Panathinaikos
55%
Italy Parma
55%
Azerbaijan Qarabağ
55%
Austria Rapid Wien
55%
France Saint-Étienne
55%
Czech Republic Slavia Praha
55%
Russia Spartak Moscow
55%
Netherlands Twente
55%
Italy Udinese
55%
Netherlands Utrecht
55%
Austria Wolfsberger
55%
Turkey Alanyaspor
45%
Turkey Antalyaspor
45%
Turkey Başakşehir
45%
France Brest
45%
Denmark Brøndby
45%
Belgium Cercle Brugge
45%
Bulgaria Cherno More
45%
Romania CRF Cluj
45%
Bulgaria CSKA Sofia
45%
Romania Dinamo București
45%
Ukraine Dnipro-1
45%
Germany Freiburg
45%
Italy Genoa
45%
Sweden Göteborg
45%
Spain Grenada
45%
Sweden Helsingborg
45%
Scotland Hibernian
45%
Turkey Kasımpaşa
45%
Russia Krasnodar
45%
Italy Lecce
45%
Spain Leganés
45%
Spain Levante
45%
Bulgaria Ludogorets
45%
Norway Molde
45%
France Nice
45%
France Nîmes
45%
Belgium Oostende
45%
Germany Paderborn
45%
Netherlands PEZ Zwolle
45%
Croatia Rijeka
45%
Italy Sassuolo
45%
Switzerland Servette
45%
Slovakia Slovan Bratislava
45%
Spain Valladolid
45%
Netherlands VVV-Venlo
45%
Netherlands Willem II
45%
Greece AEL
36%
Sweden AIK
36%
France Amiens
36%
Cyprus Anorthosis Famagusta
36%
Greece Aris
36%
Czech Republic Baník Ostrava
36%
Norway Brann
36%
Belgium Charleroi
36%
Hungary Debrecen
36%
Netherlands Fortuna Sittard
36%
Turkey Gaziantep
36%
Turkey Göztepe
36%
Sweden Hammarby
36%
Italy Hellas Verona
36%
Turkey Kayserispor
36%
Turkey Konyaspor
36%
Russia Krylia Sovetov
36%
Bulgaria Levski Sofia
36%
Portugal Marítimo
36%
France Metz
36%
Denmark Midtjylland
36%
Denmark OB
36%
Cyprus Omonia
36%
France Rennes
36%
Norway Rosenborg
36%
Russia Rostov
36%
Switzerland Sion
36%
Turkey Sivasspor
36%
Russia Sochi
36%
Italy SPAL
36%
Slovakia Spartak Trnava
36%
Scotland St Mirren
36%
France Strasbourg
36%
Romania Viitorul Constanța
36%
Norway Viking
36%
Netherlands Vitesse
36%
Portugal Vitória de Guimarães
36%
Portugal Vitória de Setúbal
36%
Serbia Vojvodina
36%
Belgium Waasland-Beveren
36%
Austria Admira Wacker Mödling
27%
Cyprus AEL Limassol
27%
Denmark AGF
27%
France Angers
27%
Turkey Ankaragücü
27%
Cyprus Apollon Limassol
27%
Poland Arka Gdynia
27%
Russia Arsenal Tula
27%
Israel Beitar Jerusalem
27%
Portugal Belenenses
27%
Turkey Çaykur Rizespor
27%
France Dijon
27%
Belarus Dinamo Brest
27%
Belarus Dinamo Minsk
27%
Luxembourg Dudelange
27%
Netherlands Emmen
27%
Belgium Eupen
27%
Turkey Gençlerbirliği
27%
Sweden Häcken
27%
Scotland Hamilton
27%
Israel Hapoel Haifa
27%
Kazakhstan Kairat
27%
Ukraine Karpaty Lviv
27%
Scotland Kilmarnock
27%
Scotland Livingston
27%
Switzerland Lugano
27%
Switzerland Luzern
27%
Ukraine Lviv
27%
Belgium Mechelen
27%
Belarus Minsk
27%
Denmark Nordsjælland
27%
Sweden Norrköping
27%
Slovenia Olimpija Ljubljana
27%
Croatia Osijek
27%
Sweden Östersund
27%
Romania Politehnica Iași
27%
France Reims
27%
Netherlands RKC Waalwijk
27%
Scotland Ross County
27%
Russia Rubin Kazan
27%
Czech Republic Slovan Liberec
27%
Serbia Spartak Subotica
27%
Switzerland St. Gallen
27%
Scotland St Johnstone
27%
Switzerland Thun
27%
Romania Universitatea Craiova
27%
Norway Vålerenga
27%
Poland Zagłębie Lubin
27%
Slovakia Žilina
27%
Ukraine Zorya Luhansk
27%
Belgium Zulte-Waregem
27%
Norway Aalesund
18%
Romania Academica Clinceni
18%
Cyprus AEK Larnaca
18%
Russia Akhmat Grozny
18%
Greece Asteras Tripolis
18%
Greece Atromitos
18%
Czech Republic Bohemians
18%
Hungary Budapest Honvéd
18%
Slovenia Celje
18%
Poland Cracovia
18%
Turkey Denizlispor
18%
Ukraine Desna Chernihiv
18%
Luxembourg Differdange 03
18%
Bulgaria Dunav Ruse
18%
Sweden Elfsborg
18%
Cyprus EN Paralimni
18%
Poland Górnik Zabrze
18%
Israel Hapoel Be'er Sheva
18%
Sweden Kalmar
18%
Norway Kristiansund
18%
Poland ŁKS Łódź
18%
Ukraine Mariupol
18%
Azerbaijan Neftçi Baku
18%
Switzerland Neuchâtel Xamax
18%
Slovakia Nitra
18%
Norway Odd
18%
Greece OFI
18%
Sweden Örebro
18%
Portugal Paços de Ferreira
18%
Poland Piast Gilwice
18%
Poland Pogoń Szczecin
18%
Luxembourg Racing
18%
Serbia Rad
18%
Serbia Radnički
18%
Serbia Radnik
18%
Portugal Rio Ave
18%
Denmark Silkeborg
18%
Belgium Sint-Truiden
18%
Poland Śląsk Wrocław
18%
Norway Start
18%
Austria Tirol
18%
Serbia TSC
18%
Russia Ufa
18%
Hungary Újpest
18%
Czech Republic Viktoria Plzeň
18%
Greece Volos
18%
Ukraine Vorskla Poltava
18%
Poland Wisła Kraków
18%
Turkey Yeni Malatyaspor
18%
Bulgaria Arda
9%
Romania Astra Giurgiu
9%
Portugal Aves
9%
Belarus Belshina
9%
Bulgaria Beroe
9%
Bulgaria Botev Vratsa
9%
Romania Botoșani
9%
Kazakhstan Caspiy
9%
Romania Chindia Târgoviște
9%
Serbia Čukarički
9%
Cyprus Doxa Katokopias
9%
Slovakia Dunajská Streda
9%
Czech Republic Dynamo České Budějovice
9%
Denmark Esbjerg
9%
Bulgaria Etar
9%
Cyprus Ethnikos Achna
9%
Sweden Falkenberg
9%
Czech Republic Fasta Zlín
9%
Hungary Fehérvár
9%
Azerbaijan Gabala
9%
Romania Gaz Metan Mediaș
9%
Portugal Gil Vicente
9%
Croatia Gorica
9%
Austria Hartberg
9%
Norway Haugesund
9%
Romania Hermannstadt
9%
Denmark Horsens
9%
Croatia Inter Zaprešić
9%
Belarus Isloch
9%
Croatia Istra 1961
9%
Poland Jagiellonia Białystok
9%
Serbia Javor-Matis
9%
Luxembourg Jeunesse Esch
9%
Lithuania Kauno Žalgiris
9%
Azerbaijan Keşla
9%
Ukraine Kolos Kovalivka
9%
Poland Korona Kielce
9%
Belgium Kortrijk
9%
Greece Lamia
9%
Poland Lechia Gdańsk
9%
Croatia Lokomotiva
9%
Bulgaria Lokomotiv Plovdiv
9%
Serbia Mačva
9%
Austria Mattersburg
9%
Slovakia Michalovce
9%
Sweden Mjällby
9%
Norway Mjøndalen
9%
Czech Republic Mladá Boleslav
9%
Serbia Mladost
9%
Portugal Moreirense
9%
Slovenia Mura
9%
Serbia Napredak
9%
Cyprus Nea Salamis Famagusta
9%
Ukraine Oleksandriya
9%
Ukraine Olimpik Donetsk
9%
Russia Orenburg
9%
Cyprus Pafos
9%
Greece Panetolikos
9%
Slovakia Pohronie
9%
Luxembourg Progrès Niederkorn
9%
Serbia Proleter
9%
Poland Raków Częstochowa
9%
Denmark Randers
9%
Austria Rheindorf Altach
9%
Slovenia Rudar Velenje
9%
Belarus Rukh Brest
9%
Slovakia Ružomberok
9%
Azerbaijan Sabah
9%
Azerbaijan Sabail
9%
Norway Sandefjord
9%
Portugal Santa Clara
9%
Norway Sarpsborg 08
9%
Slovakia Senica
9%
Slovakia Sered
9%
Belarus Shakhtyor Soligorsk
9%
Czech Republic Sigma Olomouc
9%
Sweden Sirius
9%
Croatia Slaven Belupo
9%
Belarus Slavia Mozyr
9%
Bulgaria Slavia Sofia
9%
Belarus Slutsk
9%
Denmark SønderjyskE
9%
Norway Stabæk
9%
Norway Strømsgodset
9%
Lithuania Sūduva
9%
Azerbaijan Sumgayit
9%
Russia Tambov
9%
Czech Republic Teplice
9%
Belarus Torpedo-BelAZ
9%
Slovakia Trenčín
9%
Bulgaria Tsarsko Selo
9%
Croatia Varaždin
9%
Slovakia ViOn Zlaté Moravce
9%
Belarus Vitebsk
9%
Romania Voluntari
9%
Serbia Voždovac
9%
Lithuania Žalgiris
9%
Azerbaijan Zira
9%
Slovenia Aluminij
0%
Israel Ashdod
0%
Lithuania Banga
0%
Luxembourg Blue Boys Muhlenbach
0%
Israel Bnei Yehunda
0%
Bulgaria Botev Plovdiv
0%
Slovenia Bravo
0%
Hungary Diósgyőr
0%
Slovenia Domžale
0%
Belarus Energetik-BGU
0%
Luxembourg Etzella Ettelbruck
0%
Belgium Excel Mourscron
0%
Portugal Famalicão
0%
Luxembourg Fola Esch
0%
Belarus Gorodeya
0%
Israel Hapoel Hadera
0%
Israel Hapoel Kfar Saba
0%
Israel Hapoel Ra'anana
0%
Denmark Hobro
0%
Luxembourg Hostert
0%
Serbia Inđija
0%
Israel Ironi Kiryat Shmona
0%
Kazakhstan Irtysh
0%
Czech Republic Jablonec
0%
Kazakhstan Kaisar
0%
Hungary Kaposvár
0%
Czech Republic Karviná
0%
Hungary Kisvárda
0%
Kazakhstan Kyzylzhar
0%
Denmark Lyngby
0%
Israel Maccabi Netanya
0%
Hungary Mezőkövesd
0%
Luxembourg Mondorf-les-Bains
0%
Belarus Neman Grodno
0%
Kazakhstan Okzhetpes
0%
Cyprus Olympiakos Nicosia
0%
Czech Republic Opava
0%
Kazakhstan Ordabasy
0%
Hungary Paks
0%
Lithuania Panevėžys
0%
Greece Panionions
0%
Luxembourg Pétange
0%
Portugal Portimonense
0%
Czech Republic Příbram
0%
Hungary Puskás Akadémia
0%
Lithuania Riteriai
0%
Luxembourg Rodange
0%
Israel Sektzia Nes Tziona
0%
Romania Sepsi Sfântu Gheorghe
0%
Kazakhstan Shakter Karaganda
0%
Czech Republic Slovácko
0%
Belarus Smolevichi
0%
Austria St. Pölten
0%
Slovenia Tabor Sežana
0%
Kazakhstan Taraz
0%
Kazakhstan Tobol
0%
Portugal Tondela
0%
Slovenia Triglav Kranj
0%
Luxembourg UNA Strassen
0%
Russia Ural
0%
Sweden Varberg
0%
Luxembourg Victoria Rosport
0%
Bulgaria Vitosha Bistritsa
0%
Poland Wisła Płock
0%
Hungary Zalaegerszeg
0%
Greece Zanthi
0%
Kazakhstan Zhetysu
0%
No matching quizzes found
Score Distribution
Percent of People with Each Score
Percentile by Number Answered
Your Score History
You have not taken this quiz since the last reset